TeSys model U

Bibliographic Details
Format: Article
Language:Slovak

MARC

LEADER 00000nab a2200000 a 4500
001 vtls011732975
003 SK-MaSNL
005 20260225185451.0
008 230121|2002 xo |||||||||||||||||slo
015 |a SNBRB 
035 |a (urnnbn)urn:nbn:sk:snk:ar-0018tm 
035 |a urn:nbn:sk:snk-abfaab 
035 |a (uuid)18f2c9d7-77a3-4c31-ac3f-f72dc4c10c8a 
040 |a SNKBUCL  |b slo  |c SNKBUCL  |e AACR2 
041 0 |a slo 
044 |a xo  |c SK 
245 0 0 |a TeSys model U 
773 0 |t AT&P journal : priemyselná automatizácia a informatika  |g Roč. 9, č. 10 (2002), s. 78 
954 |a odborná, vedecká literatúra pôvodná (slovenská)  |2 lita 
958 |a OND 
958 |a EUIPO 
958 |a article24 
999 |c 1889618  |d 1891548